000 00644nam a2200241Ia 4500
003 OSt
005 20220912145815.0
006 a|||||r|||| 00| 0
007 ta
008 220909b |||||||| |||| 00| 0 eng d
024 _a77850
037 _cTextbook
040 _aCSL
_beng
_cCSL
041 _aeng
082 _aC54;3, K5;2;3
100 _aSiegbahn Kai Ed.
245 0 _aAlpha-Beta- and Gamma-Ray spectroscopy
260 _aAmterdam
_bNorth-Holland Publishing company
300 _ap.
_ccm.
650 _aBeta and gamma rays
942 _hC54;3, K5;2;3
_cTB
_2CC
999 _c38626
_d38626